War on the saints / (Record no. 6282)
[ view plain ]
| 000 -LEADER | |
|---|---|
| fixed length control field | 00771nam a2200241Ia 4500 |
| 001 - CONTROL NUMBER | |
| control field | 41132032 |
| 003 - CONTROL NUMBER IDENTIFIER | |
| control field | OCoLC |
| 005 - DATE AND TIME OF LATEST TRANSACTION | |
| control field | 20190116144608.0 |
| 008 - FIXED-LENGTH DATA ELEMENTS--GENERAL INFORMATION | |
| fixed length control field | 990408s1993 pau 000 0 eng d |
| 020 ## - INTERNATIONAL STANDARD BOOK NUMBER | |
| International Standard Book Number | 0875089631 |
| 040 ## - CATALOGING SOURCE | |
| Original cataloging agency | BCT |
| Transcribing agency | BCT |
| Modifying agency | BSC |
| 082 ## - DEWEY DECIMAL CLASSIFICATION NUMBER | |
| Classification number | 235.4 |
| Item number | P412W |
| 092 ## - LOCALLY ASSIGNED DEWEY CALL NUMBER (OCLC) | |
| Classification number | 235.4 |
| Item number | P414w, 1993 |
| 100 1# - MAIN ENTRY--PERSONAL NAME | |
| Personal name | Penn-Lewis, Jessie, |
| Dates associated with a name | 1861-1927. |
| 245 10 - TITLE STATEMENT | |
| Title | War on the saints / |
| Statement of responsibility, etc. | by Jessie Penn-Lewis ; in collaboration with Evan Roberts. |
| 250 ## - EDITION STATEMENT | |
| Edition statement | Abridged ed. |
| 260 ## - PUBLICATION, DISTRIBUTION, ETC. | |
| Place of publication, distribution, etc. | Fort Washington, Penn. : |
| Name of publisher, distributor, etc. | The Christian Literature Crusade, |
| Date of publication, distribution, etc. | 1993. |
| 300 ## - PHYSICAL DESCRIPTION | |
| Extent | 217 p. ; |
| Dimensions | 21 cm. |
| 500 ## - GENERAL NOTE | |
| General note | Originally published in London in 1912; first American ed. 1977; reprinted 1988. |
| 650 #0 - SUBJECT ADDED ENTRY--TOPICAL TERM | |
| Topical term or geographic name entry element | Demonology. |
| 700 1# - ADDED ENTRY--PERSONAL NAME | |
| Personal name | Roberts, Evan, |
| Dates associated with a name | 1878- |
| 942 ## - ADDED ENTRY ELEMENTS (KOHA) | |
| Source of classification or shelving scheme | Dewey Decimal Classification |
| Koha item type | Books |
| Withdrawn status | Lost status | Source of classification or shelving scheme | Damaged status | Not for loan | Collection code | Home library | Current library | Shelving location | Date acquired | Cost, normal purchase price | Total Checkouts | Full call number | Barcode | Date last seen | Price effective from | Koha item type |
|---|---|---|---|---|---|---|---|---|---|---|---|---|---|---|---|---|
| Dewey Decimal Classification | Non-fiction | Harvest Mission College | Harvest Mission College | General Stacks | 16.01.2019 | 1950.00 | 235.4 P412W | 006905 | 16.01.2019 | 16.01.2019 | Books |
